<?xml version="1.0" encoding="UTF-8"?>
<collection xmlns="http://www.loc.gov/MARC21/slim">
 <record>
  <leader>00396pamaa2200145   4500</leader>
  <controlfield tag="001">0000020047</controlfield>
  <controlfield tag="005">20061116090000.0</controlfield>
  <datafield tag="020" ind1="0" ind2="0">
   <subfield code="a">0440504414 </subfield>
  </datafield>
  <datafield tag="090" ind1="0" ind2="0">
   <subfield code="a">PS3569.A94 </subfield>
   <subfield code="b">SAY 1991</subfield>
  </datafield>
  <datafield tag="100" ind1="1" ind2="0">
   <subfield code="a">SAYERS </subfield>
  </datafield>
  <datafield tag="245" ind1="1" ind2="0">
   <subfield code="a">Who do you love  </subfield>
   <subfield code="c">Valerie Sayers.</subfield>
  </datafield>
  <datafield tag="260" ind1="0" ind2="0">
   <subfield code="a">New York, </subfield>
   <subfield code="c">Laurel/Doubleday, </subfield>
   <subfield code="c">1991.</subfield>
  </datafield>
  <datafield tag="300" ind1=" " ind2=" ">
   <subfield code="a">325 p.; </subfield>
   <subfield code="c">22cm.</subfield>
  </datafield>
  <datafield tag="650" ind1="0" ind2="0">
   <subfield code="a">Family -- </subfield>
   <subfield code="x">Fiction -- </subfield>
   <subfield code="z">South Carolina </subfield>
  </datafield>
  <datafield tag="650" ind1="0" ind2="0">
   <subfield code="a">Domestic fiction </subfield>
  </datafield>
 </record>
</collection>
